雪己經開始下了
| 資料類型: | 圖書 | 書目號: | 27365 |
Leader xxxxxxxxxx 001 __ 84020186 005 __ 19940706141551.0 008 __ chi 010 0_ |a|b平裝|dNT﹩100 100 __ |a19931205d1986 y0chiy0109 e. 101 0_ |achi. 102 __ |acw. 105 __ |aa z 000cy. 200 1_ |a雪己經開始下了|e|f林清玄著. 205 __ |a初版. 210 __ |a臺北市|c希代|d民75. 215 0_ |a294面|c圖|d21公分. 225 2_ |a希代文叢|v14. 260 1_ |a1986. 410 _0 |12001 |a希代文叢|v14. 681 __ |a856.9|b4430.1-8. 700 _1 |a林|b清玄|4著. 801 _0 |acw|bPTL|c19931205. 801 _1 |acw|b得茂堂|c19931205. |